EA SPORTS™ College Football 25 - Top 100 Players - Statistics

General Stats
  • This quiz has been taken 275 times
  • The average score is 31 of 100
Answer Stats
Answer % Correct
Travis Hunter
91%
Will Johnson
84%
Shedeur Sanders
82%
Carson Beck
77%
Ollie Gordon II
76%
Tez Johnson
76%
Quinn Ewers
73%
Quinshon Judkins
72%
Luther Burden III
70%
Caleb Downs
69%
Dillon Gabriel
65%
Treveyon Henderson
63%
Will Campbell
62%
Jason Henderson
61%
Jalen Milroe
60%
Ashton Jeanty
59%
Jaxson Dart
59%
Tetairoa McMillan
59%
Emeka Egbuka
58%
Donovan Edwards
57%
Mason Graham
55%
James Pearce Jr.
54%
Malaki Starks
50%
Colston Loveland
49%
Omarion Hampton
45%
Abdul Carter
44%
Jack Sawyer
43%
Tyleik Williams
43%
Barrett Carter
42%
Jalon Daniels
42%
Mykel Williams
42%
Kelvin Banks Jr.
37%
Nicholas Singleton
36%
Tre Harris
34%
Benjamin Morrison
33%
Denzel Burke
33%
Donovan Jackson
32%
Evan Stewart
32%
Landon Jackson
32%
Nick Jackson
32%
Xavier Restrepo
32%
Devin Neal
29%
Walter Nolen
29%
Deone Walker
28%
Cobee Bryant
27%
Harold Perkins Jr.
27%
Jaydn Ott
26%
Kaidon Salter
26%
Mason Taylor
25%
Nick Martin
24%
Tate Ratledge
24%
Damien Martinez
23%
Emery Jones Jr.
23%
Tory Horton
23%
Kenneth Grant
22%
Malachi Moore
22%
Xavier Watts
22%
Oscar Delp
21%
Nic Scourton
20%
Danny Stutsman
19%
Jabbar Muhammad
19%
Tyler Booker
19%
Jay Higgins
18%
Tahj Brooks
18%
Peter Woods
17%
RJ Harvey
17%
Maxwell Hairston
15%
Mitchell Evans
15%
Tacario Davis
15%
Rueben Bain Jr.
14%
Sebastian Castro
14%
Logan Parr
13%
Aireontae Ersery
12%
Kevin Winston Jr.
12%
Kyle Monangai
12%
Oronde Gadsden II
12%
Patrick Payton
12%
Billy Bowman Jr.
11%
Deontae Lawson
10%
Josh Conerly Jr.
10%
Parker Brailsford
10%
Ashton Gillotte
9%
Jonah Monheim
9%
Quincy Riley
9%
Dillon Thieneman
8%
Dorian Strong
8%
Jonas Sanker
8%
Quinton Cooley
8%
Xavier Nwankpa
8%
Howard Cross III
7%
Wyatt Milum
7%
Clay Webb
6%
Dontay Corleone
6%
Dylan Fairchild
6%
Jaeden Roberts
6%
Jonah Savaiinaea
6%
Ricardo Hallman
6%
Kaimon Rucker
4%
Hunter Wohler
3%
Luke Kandra
3%
No matching quizzes found
Score Distribution
Percent of People with Each Score
Percentile by Number Answered
Your Score History
You have not taken this quiz